000 00650nam a2200205Ia 4500
003 GCL
008 140319s9999 xx 000 0 ara d
040 _aGCL /
_cGCL
082 0 4 _a823.03
_bج ث
100 1 _aمختار السويفى
245 1 0 _aثلاثةرجال فى قارب /
_cمختار السويفى
700 1 _aعلى كامل الديب
700 1 _aعلى كامل شحاتة
700 1 _aجيروم، جيروم ك
490 _aمكتبة الاسرة
_v0
650 0 4 _aالقصص الانجليزية
650 0 4 _aالادب الانجليزى
650 0 4 _aالادب المترجم للعربية
942 _2ddc
_cBK
999 _c50766
_d50766